|
|
|
|
| LEADER |
00000naa2a2200000 4500 |
| 001 |
190790 |
| 005 |
20231031180328.0 |
| 035 |
|
|
|a (RuTPU)RU\TPU\book\208005
|
| 035 |
|
|
|a RU\TPU\tpu\6432
|
| 090 |
|
|
|a 190790
|
| 100 |
|
|
|a 20110128d1964 k y0rusy50 ca
|
| 101 |
0 |
|
|a rus
|
| 102 |
|
|
|a RU
|
| 200 |
1 |
|
|a Автоматизация и модернизация действующих компрессоров
|f Б. М. Титов
|
| 463 |
|
0 |
|0 (RuTPU)RU\TPU\retro\33580
|t Пути автоматизации станционарных компрессорных установок
|o материалы конференции, Алма-Ата 1964
|f Центральный институт научно-технической информации ; под ред. Л. В. Пяталовой
|v С. 35-40
|d 1964
|p 71 с.
|
| 610 |
1 |
|
|a горное дело
|
| 610 |
1 |
|
|a труды учёных ТПУ
|
| 700 |
|
1 |
|a Титов
|b Б. М.
|
| 801 |
|
0 |
|a RU
|b 63413507
|c 20011210
|g PSBO
|
| 801 |
|
2 |
|a RU
|b 63413507
|c 20221227
|g PSBO
|
| 942 |
|
|
|c BK
|